| 000 | 01210nam a22003134a 4500 | ||
|---|---|---|---|
| 001 | ebr10280010 | ||
| 003 | CaPaEBR | ||
| 006 | m u | ||
| 007 | cr cn||||||||| | ||
| 008 | 070321s2007 wiu s s000 1 eng c | ||
| 010 | _z 2007011563 | ||
| 020 | _z0299223000 (cloth : alk. paper) | ||
| 040 |
_aCaPaEBR _cCaPaEBR |
||
| 035 | _a(OCoLC)646801457 | ||
| 043 | _an-us-wi | ||
| 050 | 1 | 4 |
_aPS3601.P67 _bI5 2007eb |
| 082 | 0 | 4 |
_a813/.6 _222 |
| 100 | 1 |
_aApps, Jerold W., _d1934- |
|
| 245 | 1 | 0 |
_aIn a pickle _h[electronic resource] : _ba family farm story / _cJerry Apps. |
| 260 |
_aMadison, Wis. : _bTerrace Books, _cc2007. |
||
| 300 | _aviii, 248 p. | ||
| 533 |
_aElectronic reproduction. _bPalo Alto, Calif. : _cebrary, _d2013. _nAvailable via World Wide Web. _nAccess may be limited to ebrary affiliated libraries. |
||
| 650 | 0 |
_aFamily farms _zWisconsin _zWaushara County _vFiction. |
|
| 650 | 0 |
_aFarm life _zWisconsin _zWaushara County _vFiction. |
|
| 650 | 0 |
_aPickle industry _zWisconsin _vFiction. |
|
| 655 | 7 |
_aElectronic books. _2local |
|
| 710 | 2 | _aebrary, Inc. | |
| 856 | 4 | 0 |
_uhttp://site.ebrary.com/lib/rucke/Doc?id=10280010 _zAn electronic book accessible through the World Wide Web; click to view |
| 999 |
_c4004 _d4004 |
||